Toward competition in local telephony

Saved in:
Bibliographic Details
Main Author: Baumol, William J.
Other Authors: Sidak, J. Gregory
Format: Book
Language:English
Published: Cambridge : MIT Press, 1994
Tags: Add Tag
No Tags, Be the first to tag this record!

MARC

LEADER 00000nam a2200000 i 4500
001 1/9251
008 000803s1994 eng d
020 |a 0-262-02369-5 
035 |l 10062983 
040 |a GR-MY-UA  |b gre  |e aacr 
041 0 |a eng 
082 0 |a 384.63 
100 1 |a Baumol, William J. 
245 1 0 |a Toward competition in local telephony /  |c William J. Baumol, J. Gregory Sidak 
260 |a Cambridge :   |b MIT Press,   |c 1994 
300 |a 169 p. 
700 1 |a Sidak, J. Gregory. 
852 |a INST  |b CHIOS  |e 20000803  |h 384.63 BAU  |p 005200001478  |q 005200001478  |t BK  |y 0 
901 |a BIBL2-2000-2 
909 |a Χ  |b 040742 
922 |a 2ΕΛΗ 
970 |z 2000/07/